Najpopularniejsze polskie piosenki - Statystyki

Ogólne statystyki
  • Ten quiz został rozwiązany 1 092 razy
    938 od ostatniego zresetowania
  • Średni wynik to 16 z 64
Statystyki odpowiedzi
Wyświetlenia Wykonawca(y) Piosenka % Poprawnych
235 MLN SŁAWOMIR Miłość w Zakopanem
82%
195 MLN Akcent Przez Twe Oczy Zielone
69%
170 MLN Ronnie Ferrari ONA BY TAK CHCIAŁA
68%
170 MLN Daj To Głośniej Mama ostrzegała
60%
129 MLN CZADOMAN Ruda tańczy jak szalona
56%
83 MLN EKIPA 3KIPA
54%
125 MLN GrubSon Na szczycie
51%
133 MLN PAWEŁ DOMAGAŁA Weź nie pytaj
51%
113 MLN PIERSI Bałkanica
50%
86 MLN White 2115 California
49%
148 MLN Tymek, Big Scythe Język Ciała
49%
136 MLN Sylwia Grzeszczak Tamta dziewczyna
44%
98 MLN TACONAFIDE Tamagotchi
42%
106 MLN TYMEK, BIG SCYTHE, DEYS ANIOŁY I DEMONY
40%
129 MLN Weekend Ona Tańczy Dla Mnie
39%
101 MLN MiłyPan Małolatki
34%
534 MLN Gummi Miś Bańkę Łap
33%
92 MLN Quebonafide, Klaudia Szafrańska Candy
32%
85 MLN Sobel Impreza
32%
111 MLN Łobuzy Zbuntowany Anioł
32%
123 MLN Disney Filmy Mam tę moc
31%
103 MLN Deemz, Bedoes, PlanBe Eldorado
30%
107 MLN Quebonafide, ReTo Half dead
30%
88 MLN ŁYDKA GRUBASA Rapapara
29%
102 MLN Paluch SZAMAN
29%
81 MLN Cleo Łowcy Gwiazd
27%
104 MLN TYMEK, TRILL PEM, TEDE RAINMAN
26%
99 MLN Łobuzy Ona czuje we mnie piniądz
25%
94 MLN Cleo Za Krokiem Krok
25%
103 MLN K2, Buka 1 moment
24%
95 MLN Akcent Przekorny los
23%
88 MLN ReTo UA
23%
125 MLN Męskie Granie Orkiestra Początek
22%
90 MLN Otsochodzi Nie, nie
20%
92 MLN Tymek Poza kontrolą
20%
107 MLN Paluch Bez Strachu
19%
122 MLN MiłyPan Królowa
19%
109 MLN KaeN, Cheeba, WdoWA Zbyt wiele
18%
90 MLN BLACHA Mademoiselle
16%
89 MLN Masters Żono moja
16%
95 MLN ANDRE ALE ALE ALEKSANDRA
13%
211 MLN Mini Disco Kaczuszki
13%
87 MLN Piękni i Młodzi Ona jest taka cudowna
13%
107 MLN Mig Wymarzona
13%
97 MLN Paluch Gdybyś kiedyś
11%
89 MLN Long, Junior Kolorowa Sukienka
10%
111 MLN Spiżowi Mocni Na Pełnym
10%
89 MLN Defis Niespotykany Kolor
10%
88 MLN KANCELARIA Zabiorę Cię właśnie tam
10%
85 MLN C-BooL Wonderland
8%
183 MLN Aida Mucha W Mucholocie
7%
207 MLN Dziecięce Przeboje Idziemy do ZOO
6%
152 MLN Komodo (I Just) Died In Your Arms
6%
132 MLN Pszczolka Maja Taniec Mai
5%
178 MLN Śpiewające Brzdące Lisek Łakomczuszek
4%
83 MLN NutkoSfera W UKŁADZIE SŁONECZNYM
3%
177 MLN Justyna Bojczuk, Bartus Gozdziewski Jr, Benek Lewandowski Boogie Woogie
2%
269 MLN Disney Polska Dzień jak ze snu
2%
87 MLN Janusz Radek Kot
2%
98 MLN BZYK Pieski małe dwa
2%
98 MLN Śpiewające Brzdące Gdacze kura: Ko, Ko, Ko
1%
83 MLN Lulek Misio Mniam Mniam
1%
107 MLN Śpiewające Brzdące Nieznajomy
1%
107 MLN Kinder Niespodzianka Zostań moją przyjaciółką
1%
Nie znaleziono quizów pasujących do podanych kryteriów
Rozkład punktacji
Procent ludzi z każdym wynikiem
Percentyl według liczby udzielonych odpowiedzi
Twoja historia wyników
Nie rozwiązałeś tego quizu od ostatniego zresetowania